000
00258nam a22001217a 4500
008
170221b xxu||||| |||| 00| 0 eng d
041
_a
eng
080
_a
615
100
_a
5
101
_a
SHF
245
_a
ANUAL OF DRUG THERAPY
_c
DUNNER.D.L
942
_2
udc
_c
BK
999
_c
5979
_d
5979